00736 a2200217 4500020002300000035001300023037004800036082001000084090001500094100002400109245006500133250001300198260003600211270004200247300002900289500002000318700001800338942002500356999001500381952012200396 a8177581899c350.00 aB-194420 bRP-ZLS-2662 / PANSY-06-07:11 / RP-06-07:ENG a658.1 c2625d26251 aRobbins, Stephen P.1 aOrganizational behaviorcby Stephen P. Robbins, Seema Sanghi a11th ed. aDelhibDorling Kindersleyc2006 a482, F.I.E. PatparganjcDelhie110092 axxiv, 622 pc28 cm (pbk) aIncludes index aSanghi, Seema adplcENk658.1 / ROB c2582d2582 00102ddc40708NFICaZLSbZLSg350.00l0o658.1 ROBpB-194420r2008-09-15 00:00:00t1u2755v350.00w2008-09-15yEN